40 Most Famous Cities in Malaysia on a Map - Statistics

General Stats
  • This quiz has been taken 163 times
  • The average score is 21 of 42
Answers on the Map
Answers color-coded by a green-red scale on the quiz's map according to % correct below.
 
Answer Stats
Wiki Monthly Views Cityquiz Mention Rate Population Answers % Correct
195.46K 53.21% 1588.75K Kuala Lumpur
99%
22.74K 26.50% 198.30K George Town
88%
33.57K 9.19% 809.90K Johor Bahru
82%
19.87K 3.61% 665.60K Ipoh
77%
31.75K 4.26% 414.40K Kota Kinabalu
74%
21.11K 4.92% 511.50K Kuching
74%
21.61K 8.89% 181.40K Malacca
67%
29.38K 3.34% 68.36K Putrajaya
64%
9.71K 1.89% 826.40K Klang
63%
7.65K 2.15% 254.80K Alor Setar
61%
5.99K 1.46% 315.60K Kuala Terengganu
60%
8.87K 1.57% 384.30K Kuantan
59%
16.07K 0.98% 443.20K Shah Alam
57%
8.38K 1.80% 297.70K Kota Bharu
56%
20.42K 7.43% 68.73K Labuan/Victoria
56%
35.98K 1.37% 77.70K Langkawi/Kuah
56%
7.99K 1.11% 374.40K Seremban
56%
8.44K 2.34% 225.90K Miri
55%
5.09K 0.89% 123.90K Seberang Perai
52%
6.25K 2.09% 245.20K Taiping
52%
6.88K 2.14% 181.50K Sibu
47%
13.32K 1.48% 614.00K Petaling Jaya
46%
6.73K 0.98% 121.10K Muar
45%
8.49K 2.00% 324.20K Sandakan
45%
4.83K 1.43% 257.40K Tawau
45%
2.29K 1.01% 95.20K Kangar
43%
5.69K 1.41% 135.10K Bintulu
42%
4.80K 1.00% 195.10K Sungai Petani
41%
4.68K - 307.20K Kajang
40%
6.61K - 718.20K Subang Jaya
40%
3.12K 0.72% 159.60K Kluang
39%
5.54K 0.65% 152.20K Batu Pahat
36%
4.00K - 575.98K Iskandar Puteri
36%
5.81K 0.59% 78.30K Port Dickson
34%
3.34K 0.27% 98.60K Rawang
32%
6.91K - 79.20K Cyberjaya
31%
3.34K 0.03% 189.00K Pasir Gudang
30%
3.92K 0.33% 78.10K Teluk Intan
30%
5.53K - 375.18K Puchong
29%
3.78K 0.29% 43.47K Semporna
29%
4.10K 1.20% 212.05K Sepang
29%
4.63K - 130.25K Seri Kembangan
21%
No matching quizzes found
Score Distribution
Percent of People with Each Score
Percentile by Number Answered
Your Score History
You have not taken this quiz